| 000 | 01130nam a22002777a 4500 | ||
|---|---|---|---|
| 999 |
_c120945 _d120945 |
||
| 003 | dpl | ||
| 005 | 20181022165021.0 | ||
| 008 | 181022b ||||| |||| 00| 0 eng d | ||
| 010 | _aA-820644 | ||
| 020 | _c150.00 | ||
| 035 | _aA-820644 | ||
| 037 | _bBPPD/PUB | ||
| 040 |
_aDPL _bHN _c0 |
||
| 082 |
_a808.84 _bशर्माशं |
||
| 100 |
_aशर्मा, शंकर दयाल _993508 |
||
| 245 |
_aहमारे जीवन-मूल्य / _cशंकर दयाल शर्मा |
||
| 246 |
_aHamare jeewan mulya / _bby Shanker Dayal Sharma |
||
| 260 |
_aनई दिल्ली _bप्रवीण प्रकाशन _c1996 |
||
| 270 |
_a1/1079 ई, महरौली _bनई दिल्ली _e110030 |
||
| 300 |
_a127पृ. _c21सेमी(सजिल्द) |
||
| 650 |
_aनागरिकता का बोध _993509 |
||
| 650 |
_aनारी शिक्षा का महत्तव _993510 |
||
| 650 |
_aPerception of citizenship _993511 |
||
| 650 |
_aImportance of women education _993512 |
||
| 942 |
_2ddc _cHN _h808.84 _mशर्माशं |
||